| 000 | 00432nam a2200181Ia 4500 | ||
|---|---|---|---|
| 005 | 20240913125400.0 | ||
| 008 | 240913s9999||||xx |||||||||||||| ||und|| | ||
| 041 | _aENGLISH | ||
| 082 | _A620.0042 M0 | ||
| 100 | _aCochin,Ira | ||
| 245 | 0 | _aAnalysis and Design of Dynamic Systems | |
| 250 | _a1st | ||
| 260 |
_c1980 _bHarper,London |
||
| 500 | _aREFERENCE | ||
| 650 |
_aDynamics _bMechanical |
||
| 942 | _cREF | ||
| 999 |
_c245429 _d245429 |
||